<?xml version="1.0" encoding="UTF-8"?>
<record
    xmlns:xsi="http://www.w3.org/2001/XMLSchema-instance"
    xsi:schemaLocation="http://www.loc.gov/MARC21/slim http://www.loc.gov/standards/marcxml/schema/MARC21slim.xsd"
    xmlns="http://www.loc.gov/MARC21/slim">

  <leader>00617nam a2200193 i 4500</leader>
  <controlfield tag="001">51905</controlfield>
  <controlfield tag="003">ES-MaACL</controlfield>
  <controlfield tag="005">20250731063027.0</controlfield>
  <controlfield tag="007">t|</controlfield>
  <controlfield tag="008">030820s1982    sp           ||||1| spa d</controlfield>
  <datafield tag="100" ind1="1" ind2=" ">
    <subfield code="a">Darwin, Charles,</subfield>
    <subfield code="d">1809-1882</subfield>
    <subfield code="9">42770</subfield>
  </datafield>
  <datafield tag="245" ind1="1" ind2="0">
    <subfield code="a">Viaje de un naturalista alrededor del mundo / </subfield>
    <subfield code="c">Charles R. Darwin.</subfield>
  </datafield>
  <datafield tag="260" ind1=" " ind2=" ">
    <subfield code="a">Madrid : </subfield>
    <subfield code="b">Anjana, </subfield>
    <subfield code="c">1982.</subfield>
  </datafield>
  <datafield tag="300" ind1=" " ind2=" ">
    <subfield code="a">457 p., 1 map. pleg. : </subfield>
    <subfield code="b">il. ; </subfield>
    <subfield code="c">25 cm.</subfield>
  </datafield>
  <datafield tag="611" ind1="2" ind2=" ">
    <subfield code="a">Beagle Expedition. </subfield>
    <subfield code="d">(1831-1836)</subfield>
    <subfield code="9">39</subfield>
  </datafield>
  <datafield tag="651" ind1=" " ind2="4">
    <subfield code="a">Am&#xE9;rica del Sur-</subfield>
    <subfield code="x">Descripci&#xF3;n.</subfield>
    <subfield code="9">7712</subfield>
  </datafield>
  <datafield tag="852" ind1=" " ind2=" ">
    <subfield code="a">ES-MaACL</subfield>
    <subfield code="j">L-2575 </subfield>
    <subfield code="b">R.103122</subfield>
  </datafield>
  <datafield tag="999" ind1=" " ind2=" ">
    <subfield code="c">51905</subfield>
    <subfield code="d">51905</subfield>
  </datafield>
  <datafield tag="952" ind1=" " ind2=" ">
    <subfield code="0">0</subfield>
    <subfield code="1">0</subfield>
    <subfield code="4">0</subfield>
    <subfield code="7">0</subfield>
    <subfield code="a">ATENEOM</subfield>
    <subfield code="b">ATENEOM</subfield>
    <subfield code="c">DEPO2</subfield>
    <subfield code="d">2008-01-17</subfield>
    <subfield code="e">SC</subfield>
    <subfield code="l">0</subfield>
    <subfield code="o">L-2575</subfield>
    <subfield code="p">1054574</subfield>
    <subfield code="r">2023-02-23 00:00:00</subfield>
    <subfield code="w">2023-02-23</subfield>
    <subfield code="y">MONOGRAFIA</subfield>
  </datafield>
</record>
